Statistics for NBA Career Leaders In Points

Click here to take the quiz!

General Stats

  • This quiz has been taken 56 times
  • The average score is 13 of 20

Answer Stats

Total PointsAnswer% Correct
38387Kareem Abdul-Jabbar
100%
32543LeBron James
100%
32292Michael Jordan
100%
33643Kobe Bryant
98%
36928Karl Malone
92%
27409Moses Malone
85%
28596Shaquille O'neal
83%
26496Tim Duncan
81%
31419Wilt Chamberlain
81%
31560Dirk Nowitzki
69%
26946Hakeem Olajuwon
65%
25551Carmelo Anthony
60%
25430Vince Carter
56%
26071Kevin Garnett
50%
26710Oscar Robertson
50%
26397Paul Pierce
48%
27313Elvin Hayes
40%
26668Dominique Wilkins
38%
26395John Havlicek
33%
25613Alex English
19%

Score Distribution

Percentile by Number Answered

Percent of People with Each Score

Your Score History

You have not taken this quiz